000 00531nam a2200181Ia 4500
005 20250923144507.0
008 008 250917s9999 xx 000 0 eng d
037 _aTextual
040 _aDSWL
_beng
_cDSWL
041 _aeng
_2eng
084 _qDSWL
100 _aJessup, Frank.W
_9825446
245 0 _aAdult education towards social & political responsibility
_cby Frank.W Jessup
260 _aHamburg
_bUnesco Institute for Education
_c1953
300 _a143p.
942 _cTEXL
999 _c1439614
_d1439614